[Event "Sandnes Masfjorden op"]
[Site "Sandnes"]
[Date "2015.02.14"]
[Round "4"]
[White "Khan, Imad Ali"]
[Black "Smelvar, Atle"]
[Result "1/2-1/2"]
[WhiteElo "1320"]
[BlackElo "850"]
[PlyCount "51"]
[EventDate "2015.02.13"]
[EventType "swiss"]
[EventRounds "6"]
[EventCountry "NOR"]
[SourceTitle "EXT 2017"]
[Source "ChessBase"]
[SourceDate "2016.10.25"]
[SourceVersion "1"]
[SourceVersionDate "2016.10.25"]
[SourceQuality "1"]

1. d4 Nf6 2. c4 e6 3. Nc3 Bb4 4. Qc2 d5 5. cxd5 exd5 6. e3 Ne4 7. Nf3 Nc6 8. a3 Bxc3+ 9. bxc3 Nd6 10. Bd3 f5 11. 0-0 0-0 12. a4 Ne4 13. Ba3 Re8 14. c4 Na5 15. Ne5 Be6 16. Rfc1 Rc8 17. Rab1 b6 18. cxd5 Bxd5 19. f3 Nd6 20. Bxd6 cxd6 21. Qxc8 Qxc8 22. Rxc8 Rxc8 23. Bxf5 Rf8 24. Ng4 Rxf5 25. e4 Bxe4 26. fxe4 1/2-1/2